Model motor manual : a new handbook on model engines, containing latest data on theory, design and operation to aid the modeler in the intelligent use of his motor /

Bibliographic Details
Main Author: Garami, Louis
Other Authors: McEntee, Howard
Format: Book
Language:English
Published: New York : Air Age, [1947]
Subjects:

MARC

Tag First Indicator Second Indicator Subfields
LEADER 00000cam a2200000 4500
001 in00000051746
005 20151007074002.0
008 750908s1947 nyua 00010 eng
010 |a  47030738  
035 |a (OCoLC)01609118 
035 |9 AAF0740AM 
040 |a DZM  |c DZM  |d TXA  |d UtOrBLW 
049 |a TXAM  |c [374908] 
050 0 |a TJ785  |b .G24 
092 |a 621.43  |b G212m 
100 1 |a Garami, Louis. 
245 1 0 |a Model motor manual :  |b a new handbook on model engines, containing latest data on theory, design and operation to aid the modeler in the intelligent use of his motor /  |c by Louis Garami and Howard McEntee. 
264 1 |a New York :  |b Air Age,  |c [1947] 
264 4 |c ©1947 
300 |a xi, 227 pages :  |b illustrations ;  |c 24 cm. 
336 |a text  |b txt  |2 rdacontent 
337 |a unmediated  |b n  |2 rdamedia 
338 |a volume  |b nc  |2 rdacarrier 
650 0 |a Internal combustion engines  |x Models. 
700 1 |a McEntee, Howard. 
999 |a MARS 
999 f f |s 5c7abb56-8231-3ca2-b1c8-67bb21488bdd  |i b2908ce4-8abb-3ced-aaf9-f71535aae0ea  |t 0 
952 f f |p ric  |a Texas A&M University  |b Rellis Campus  |c Joint Library Facility  |d Remote Storage  |t 0  |e TJ785 .G24  |h Library of Congress classification  |i unmediated -- volume  |m A14801040270 
998 f f |a TJ785 .G24  |t 0  |l Remote Storage